Introduction to Communication Systems Simulation
Enregistré dans:
| Auteur principal: | |
|---|---|
| Format: | Livre |
| Langue: | anglais |
| Publié: |
Norwood :
Artech House,
2006
|
| Sujets: | |
| Tags: |
Pas de tags, Soyez le premier à ajouter un tag!
|
MARC
| LEADER | 00000nam a22000003a 4500 | ||
|---|---|---|---|
| 001 | stu151954 | ||
| 005 | 20150617225948.8 | ||
| 008 | 071127s2006----xxu-----------------eng-d | ||
| 020 | |a 1-59693-002-0 | ||
| 040 | |a STU |b slo | ||
| 041 | 0 | |a eng | |
| 044 | |a xxu | ||
| 080 | |a 621.39 |7 stu_us_auth*stu8291 | ||
| 080 | |a 654.02 |7 stu_us_auth*stu8292 | ||
| 100 | 1 | |a Schiff, Maurice |4 aut | |
| 245 | 1 | |a Introduction to Communication Systems Simulation | |
| 260 | |a Norwood : |b Artech House, |c 2006 | ||
| 300 | |a 217 s | ||
| 650 | 7 | |a komunikačné systémy |2 stusub | |
| 650 | 7 | |a prenos dát |2 stusub | |
| 650 | 7 | |a spracovanie signálov |2 stusub | |
| 650 | 7 | |a kódovanie |2 stusub | |
| 650 | 7 | |a samoopravné kódy |2 stusub | |
| 650 | 7 | |a ISDN |2 stusub | |
| 650 | 7 | |a modulačné systémy |2 stusub | |
| 996 | |b 284EK87047 |c E*87047 |l EE16 |s P |a 0 |w stu151954_0001 | ||